Case in point (Record no. 101573)

MARC details
000 -LEADER
fixed length control field 00854cam a2200265 4500
008 - FIXED-LENGTH DATA ELEMENTS--GENERAL INFORMATION
fixed length control field 010814n2002 000 0 eng u
020 ## - INTERNATIONAL STANDARD BOOK NUMBER
International Standard Book Number 1842190725
035 ## - SYSTEM CONTROL NUMBER
System control number (Sirsi) u114100
041 ## - LANGUAGE CODE
Language code of text/sound track or separate title eng
050 ## - LIBRARY OF CONGRESS CALL NUMBER
Classification number 333.332
100 ## - MAIN ENTRY--PERSONAL NAME
Personal name Murdoch, John
245 ## - TITLE STATEMENT
Title Case in point
Remainder of title negligence in valuations and surveys
260 ## - PUBLICATION, DISTRIBUTION, ETC.
Place of publication, distribution, etc. London
Name of publisher, distributor, etc. RICS
Date of publication, distribution, etc. 2002
300 ## - PHYSICAL DESCRIPTION
Extent xxiv,94p. ; 21cm.
350 ## - PRICE (NR) (BK AM CF MU VM SE) [OBSOLETE]
Price 19.95
490 ## - SERIES STATEMENT
Series statement RICS Case in Point Series
520 ## - SUMMARY, ETC.
Summary, etc. First in a new series of concise guides to property law which aim to cover key issues in a jargon-free style
520 ## - SUMMARY, ETC.
Summary, etc. Superseded by 2nd ed. (ISBN: 9781842194249).
650 ## - SUBJECT ADDED ENTRY--TOPICAL TERM
Topical term or geographic name entry element LAW
650 ## - SUBJECT ADDED ENTRY--TOPICAL TERM
Topical term or geographic name entry element NEGLIGENCE
650 ## - SUBJECT ADDED ENTRY--TOPICAL TERM
Topical term or geographic name entry element PROFESSIONAL PRACTICE
690 ## - LOCAL SUBJECT ADDED ENTRY--TOPICAL TERM (OCLC, RLIN)
Topical term or geographic name as entry element PROPERTY-PROPERTY APPRAISAL AND VALUATION
710 ## - ADDED ENTRY--CORPORATE NAME
Corporate name or jurisdiction name as entry element Royal Institution of Chartered Surveyors
9 (RLIN) 4900
942 ## - ADDED ENTRY ELEMENTS (KOHA)
Suppress in OPAC 0
Holdings
Withdrawn status Lost status Source of classification or shelving scheme Damaged status Not for loan Home library Current library Shelving location Date acquired Total Checkouts Full call number Barcode Date last seen Copy number Price effective from Koha item type
    Dewey Decimal Classification     London London RICS Boxes 24/04/2009   RICS 2002/1 30064889 06/08/2019 1 06/08/2019 Archive
    Dewey Decimal Classification     London London RICS Boxes 09/01/2013   RICS 2002/1 30073177 06/08/2019 2 06/08/2019 Book
    Dewey Decimal Classification     London London RICS Boxes 19/03/2014   RICS 2002/1 30078290 06/08/2019 3 06/08/2019 Book